[Event "POLFINAL MISTRZOSTW POLSKI JUNIOROW 2019 - C11"]
[Site "Ustron"]
[Date "1899-12-30"]
[Round "5.5"]
[White "Stanik, Szymon"]
[Black "Jaszczuk, Piotr"]
[Result "0-1"]
[WhiteTitle "II"]
[BlackTitle "II"]
[WhiteElo "1187"]
[BlackElo "1267"]

1. e4 c5 2. Nf3 e6 3. d4 cxd4 4. Nxd4 a6 5. Bd3 Nf6 6. c4 Nc6 7. Be3 Qc7 8. Nc3
Bb4 9. Qb3 Ne5 10. O-O-O Nxd3+ 11. Rxd3 Bxc3 12. Qxc3 Nxe4 13. Qc2 Nc5 14. Rdd1
d6 15. Rhe1 O-O 16. h4 f5 17. Nb3 Nxb3+ 18. Qxb3 b5 19. c5 dxc5 20. Kb1 c4 21.
Qc3 Bb7 22. g3 Rad8 23. Bf4 Qf7 24. Bg5 Be4+ 25. Kc1 Rd5 26. f3 Rxd1+ 27. Rxd1
Bd5 28. f4 h6 29. Rd2 hxg5 30. hxg5 Qh5 31. Qc2 Qh1+ 32. Rd1 Qg2 33. Qxg2 Bxg2
34. Rd6 Bd5 35. Rxa6 Kf7 36. Rb6 Rc8 37. Rxb5 c3 38. bxc3 Rxc3+ 39. Kb2 Rxg3 40.
a4 Rg2+ 41. Kc3 Ra2 42. Ra5 Ra3+ 43. Kb2 Rf3 44. Ra7+ Kg6 45. a5 Rxf4 46. a6 Ra4
47. Kc3 f4 48. Kd3 f3 49. Ke3 Ra3+ 50. Kf2 Ra2+ 51. Kf1 Bc4+ 52. Kg1 f2+ 0-1

[Event "POLFINAL MISTRZOSTW POLSKI JUNIOROW 2019 - C11"]
[Site "Ustron"]
[Date "1899-12-30"]
[Round "5.6"]
[White "Banaczyk, Piotr"]
[Black "Wandor, Adam"]
[Result "1/2-1/2"]
[WhiteTitle "II"]
[BlackTitle "II"]
[WhiteElo "1183"]
[BlackElo "1241"]

1. e4 Nc6 2. Nf3 e5 3. Nc3 Nf6 4. Bb5 d6 5. d4 exd4 6. Nxd4 Bd7 7. Bxc6 bxc6 8.
O-O Be7 9. Bf4 O-O 10. e5 dxe5 11. Bxe5 Bd6 12. Bg3 Bxg3 13. hxg3 Rb8 14. Rb1
Nd5 15. Ne4 Re8 16. Nc5 Qe7 17. Nxd7 Qxd7 18. Nb3 Qd6 19. Re1 Nb4 20. Qxd6 cxd6
21. Rxe8+ Rxe8 22. c3 Nd3 23. Kf1 c5 24. Nd2 Re6 25. Nf3 h6 26. c4 Kf8 27. b3
Nb4 28. Rb2 a5 29. Rd2 Ke7 30. Nh4 g6 31. Nf3 Kd7 32. Kg1 Kc6 33. Kf1 Kb6 34.
Nh4 a4 35. Nf3 axb3 36. axb3 Kc6 37. Rd1 Re7 38. Ra1 Kb7 39. Rd1 Kc6 40. Ra1 Kb7
41. Rd1 Re6 42. Rd2 f6 43. Rd1 Kc7 44. Ra1 Kb7 45. Rd1 g5 46. Rd2 Kb6 47. Rd1
d5 48. cxd5 Rd6 49. Nd2 1/2-1/2

[Event "POLFINAL MISTRZOSTW POLSKI JUNIOROW 2019 - C11"]
[Site "Ustron"]
[Date "1899-12-30"]
[Round "5.7"]
[White "Jozwik, Michal"]
[Black "Skowron, Dawid"]
[Result "1/2-1/2"]
[WhiteTitle "II"]
[BlackTitle "II"]
[WhiteElo "1404"]
[BlackElo "1278"]

1. Nf3 Nf6 2. g3 d5 3. Bg2 Bf5 4. O-O e6 5. c4 c6 6. Qb3 Qc7 7. d3 Bd6 8. Bg5 Nbd7
9. Nc3 h6 10. Bxf6 Nxf6 11. cxd5 exd5 12. e4 dxe4 13. dxe4 Be6 14. Qc2 O-O 15.
Rad1 Rad8 16. Rxd6 Qxd6 17. e5 Qe7 18. exf6 Qxf6 19. Rd1 Rxd1+ 20. Qxd1 Rd8 21.
Qe2 Kf8 22. Ne4 Qe7 23. Nc3 Bd5 24. Qxe7+ Kxe7 25. Nxd5+ Rxd5 26. Bf1 Rd1 27.
b3 Ra1 28. a4 Rb1 29. Nd4 c5 30. Nf5+ Kf6 31. Nd6 Rxb3 32. Ne4+ Ke7 33. Nxc5 Rb1
34. Kg2 a6 35. h4 b5 36. axb5 axb5 37. Bd3 Rd1 38. Be2 Rd2 39. Kf3 b4 40. Ke3
Rc2 41. Ne4 b3 42. Bd1 f5 43. Bxc2 bxc2 44. Kd2 fxe4 45. Kxc2 Kd6 46. Kd2 Kd5
47. Ke3 Ke5 48. f3 exf3 49. Kxf3 h5 1/2-1/2

[Event "POLFINAL MISTRZOSTW POLSKI JUNIOROW 2019 - C11"]
[Site "Ustron"]
[Date "1899-12-30"]
[Round "5.8"]
[White "Stachowiak, Bruno"]
[Black "Nocek, Dominik"]
[Result "1/2-1/2"]
[WhiteTitle "II"]
[BlackTitle "II"]
[WhiteElo "1295"]
[BlackElo "1317"]

1. e4 e5 2. Nf3 Nc6 3. Bc4 Bc5 4. d3 Nf6 5. Be3 Bxe3 6. fxe3 d6 7. Nc3 Na5 8. Bb3
Nxb3 9. axb3 O-O 10. O-O Re8 11. Ne2 d5 12. exd5 Nxd5 13. Qd2 e4 14. dxe4 Nf6
15. Qxd8 Rxd8 16. Nc3 Re8 17. Nd2 Bd7 18. Rf4 Bc6 19. Raf1 Rad8 20. R1f2 h5 21.
h3 Re7 22. Kh2 b5 23. b4 Rd6 24. Nb3 a6 25. Nd4 Bxe4 26. Nxe4 Rxe4 27. Rxe4 Nxe4
28. Rf5 Nf6 29. Rc5 Rd7 30. Rc6 Nd5 31. Rxa6 Nxb4 32. Ra8+ Kh7 33. c3 Nd5 34.
e4 Nb6 35. Ra5 b4 36. Rxh5+ Kg6 37. Rb5 bxc3 38. bxc3 Na4 39. Rb3 Nc5 40. Rb1
Nxe4 41. Rc1 1/2-1/2

[Event "POLFINAL MISTRZOSTW POLSKI JUNIOROW 2019 - C11"]
[Site "Ustron"]
[Date "1899-12-30"]
[Round "5.9"]
[White "Sawicki, Dorian"]
[Black "Dietrich, Pawel"]
[Result "1/2-1/2"]
[WhiteTitle "II"]
[BlackTitle "II"]
[WhiteElo "1142"]
[BlackElo "1214"]

1. Nf3 Nf6 2. c4 e6 3. g3 d5 4. b3 Be7 5. Bb2 O-O 6. Bg2 c6 7. O-O Nbd7 8. d4 b6
9. Nbd2 Bb7 10. Rc1 Rc8 11. cxd5 exd5 12. Bh3 Rc7 13. a3 a5 14. Rc2 Re8 15. Re1
Bd6 16. Qc1 Qe7 17. e3 c5 18. dxc5 Nxc5 19. Bf1 Rec8 20. Nd4 Nce4 21. Nxe4 Nxe4
22. Bd3 Nc5 23. Bf5 Nd7 24. Rxc7 Rxc7 25. Qa1 Ne5 26. f4 Ng6 27. Nb5 Rc6 28. Nxd6
Rxd6 29. a4 f6 30. Ba3 Qd8 31. Bxd6 Qxd6 32. Bxg6 hxg6 33. Qc3 Qe7 34. Kf2 Qe4
35. Rg1 Ba6 36. Qc6 Qd3 37. Ke1 1/2-1/2

[Event "POLFINAL MISTRZOSTW POLSKI JUNIOROW 2019 - C11"]
[Site "Ustron"]
[Date "1899-12-30"]
[Round "5.10"]
[White "Macura, Mateusz"]
[Black "Cichon, Aleksander"]
[Result "1/2-1/2"]
[WhiteTitle "II"]
[BlackTitle "II"]
[WhiteElo "1249"]
[BlackElo "1207"]

1. e4 c5 2. Nc3 Nc6 3. g3 g6 4. Bg2 Bg7 5. d3 e6 6. f4 Nge7 7. Nf3 O-O 8. Be3 b6
9. Rb1 d5 10. Bf2 Bb7 11. O-O Qc7 12. e5 Rfe8 13. h3 Rad8 14. g4 Bh6 15. g5 Bg7
16. h4 Nf5 17. Qe2 d4 18. Ne4 Nb4 19. a3 Nd5 20. Qd2 Nfe3 21. Bxe3 dxe3 22. Qe2
Nxf4 23. Qxe3 Bxe4 24. Qxe4 Nd5 25. Rbe1 Ne7 26. Qg4 Nf5 27. Bh3 Nd4 28. Nxd4
Rxd4 29. Qg3 Rd5 30. Bg2 Rxe5 31. Rxe5 Bxe5 32. Qf3 Bxb2 33. a4 Bd4+ 34. Kh1 Rf8
35. h5 Qe7 36. hxg6 fxg6 37. Qe4 Rxf1+ 38. Bxf1 e5 39. Qd5+ Qf7 40. Qd8+ Kg7 41.
Bg2 h6 42. gxh6+ Kxh6 43. c3 Bf2 44. Qh8+ Qh7 45. Qxe5 Qf7 46. Be4 1/2-1/2

[Event "POLFINAL MISTRZOSTW POLSKI JUNIOROW 2019 - C11"]
[Site "Ustron"]
[Date "1899-12-30"]
[Round "5.11"]
[White "Stepinski, Piotr"]
[Black "Uhryn, Mateusz"]
[Result "1-0"]
[WhiteTitle "II"]
[BlackTitle "II+"]
[WhiteElo "1135"]
[BlackElo "1362"]

1. d4 Nf6 2. Bg5 d5 3. Bxf6 gxf6 4. Nf3 e6 5. e3 c5 6. c4 dxc4 7. Bxc4 b6 8. Nc3
Bb7 9. d5 exd5 10. Bxd5 Bxd5 11. Qxd5 Nd7 12. Rd1 Rc8 13. Nb5 a6 14. Qe4+ Qe7
15. Nd6+ Kd8 16. Qxe7+ Bxe7 17. Nxc8 Kxc8 18. Ke2 Ne5 19. Nxe5 fxe5 20. Rd5 f6
21. Rhd1 Rd8 22. Rxd8+ Bxd8 23. Kf3 Be7 24. Ke4 Kc7 25. Kd5 b5 26. Ke6 Bd8 27.
Rd7+ Kc8 28. Rxh7 c4 29. Kd6 b4 30. Rh4 c3 31. Rc4+ Kb7 32. Rxb4+ Ka7 33. bxc3
a5 34. Rb1 Ka6 35. Kc6 e4 36. Rb8 Ka7 37. Rxd8 f5 38. h4 f4 39. exf4 e3 40. fxe3
a4 41. a3 Ka6 42. Ra8# 1-0

[Event "POLFINAL MISTRZOSTW POLSKI JUNIOROW 2019 - C11"]
[Site "Ustron"]
[Date "1899-12-30"]
[Round "5.12"]
[White "Wilgosz, Szczepan"]
[Black "Trusewicz, Jakub"]
[Result "0-1"]
[WhiteTitle "II"]
[BlackTitle "II"]
[WhiteElo "1268"]
[BlackElo "1172"]

1. e4 c5 2. Nf3 g6 3. d4 cxd4 4. Nxd4 Nc6 5. Nc3 Bg7 6. Be3 Nf6 7. Nxc6 bxc6 8.
e5 Ng8 9. f4 Nh6 10. Qd2 O-O 11. Bc4 Nf5 12. Bf2 d6 13. O-O-O c5 14. g4 Nd4 15.
Bd5 Rb8 16. Bxd4 cxd4 17. Qxd4 Bxg4 18. Rdg1 dxe5 19. fxe5 Bf3 20. Qd3 Bh6+ 21.
Kb1 Bxh1 22. Rxh1 Qb6 23. Bb3 e6 24. Ne4 Rfd8 25. Qf3 Bg7 26. Rf1 Rd7 27. Ng5
Rbb7 28. Qh3 h6 29. Ne4 Qd4 30. Nd6 Bxe5 31. c3 Qxd6 32. Rd1 Qc6 33. Re1 Bg7 34.
Qh4 Qb6 35. Qc4 Rdc7 36. Qa4 Rc8 37. Qe4 Re7 38. Rd1 Qb8 39. h4 Qb7 40. Qg4 Qb5
41. Qe4 Qf5 42. Bc2 Qxe4 43. Bxe4 Bf6 44. h5 gxh5 45. Rg1+ Kf8 46. Bh7 Ke8 47.
Bd3 Bg5 48. Bb5+ Kf8 49. Rh1 h4 50. Ba6 Rc6 51. Bb5 Rd6 52. c4 Rd2 53. c5 Rb7
54. a4 a6 55. c6 Rc7 56. Bxa6 Rxc6 57. Bb5 Rcc2 58. Bd3 Rxb2+ 59. Kc1 Rh2+ 60.
Kd1 Rxh1+ 61. Bf1 Rxf1# 0-1

[Event "POLFINAL MISTRZOSTW POLSKI JUNIOROW 2019 - C11"]
[Site "Ustron"]
[Date "1899-12-30"]
[Round "5.13"]
[White "Niemczyk, Krzysztof"]
[Black "Rudas, Borys"]
[Result "1-0"]
[WhiteTitle "II"]
[BlackTitle "II"]
[WhiteElo "1227"]
[BlackElo "1150"]

1. e4 e6 2. d4 d5 3. Nc3 Nf6 4. exd5 Nxd5 5. Nxd5 Qxd5 6. c4 Qd8 7. Nf3 Nc6 8.
a3 Be7 9. Be3 Bf6 10. Rb1 e5 11. d5 Ne7 12. Be2 Bf5 13. Rc1 Qd7 14. b4 O-O 15.
O-O Rfd8 16. Qb3 c6 17. dxc6 Qxc6 18. b5 Qc7 19. b6 Qc6 20. bxa7 e4 21. Nd2 Bd4
22. Bxd4 Rxd4 23. Qe3 Rdd8 24. f3 exf3 25. Bxf3 Qe6 26. Qxe6 Bxe6 27. Nb3 Rxa7
28. Nc5 Bf5 29. Bxb7 Rxa3 30. Rce1 Ra5 31. Nb3 Ra3 32. Rxe7 Bd3 33. Rfxf7 Rxb3
34. Rxg7+ Kh8 35. Bd5 Rf8 36. Rgf7 Rxf7 37. Rxf7 Bg6 38. Rf3 Rb2 39. h3 Kg7 40.
Kh2 Bh5 41. Rf1 Rc2 42. Rf4 Rc3 43. Rf2 Bg6 44. g4 Rd3 45. Rf3 Rd2+ 46. Kg3 h5
47. Kh4 hxg4 48. hxg4 Kh6 49. Rf6 Rh2+ 50. Kg3 Rd2 51. Be4 Kg7 52. Rxg6+ Kf7 53.
Ra6 1-0

[Event "POLFINAL MISTRZOSTW POLSKI JUNIOROW 2019 - C11"]
[Site "Ustron"]
[Date "1899-12-30"]
[Round "5.14"]
[White "Wolak, Maciej"]
[Black "Lapczynski, Jacek"]
[Result "1-0"]
[WhiteTitle "II"]
[BlackTitle "II"]
[WhiteElo "1213"]
[BlackElo "1124"]

1. e4 c5 2. Nf3 Nc6 3. d4 cxd4 4. Nxd4 e5 5. Nb5 d6 6. c4 a6 7. N5c3 f5 8. exf5
Bxf5 9. Bd3 Bxd3 10. Qxd3 Nf6 11. O-O Be7 12. h3 O-O 13. Be3 Rc8 14. Nd5 Nxd5
15. Qxd5+ Kh8 16. Rc1 Bg5 17. Bxg5 Qxg5 18. Nd2 Nd4 19. Ne4 Qf4 20. Rf1 Rc6 21.
Rad1 Qh6 22. Rd3 Qg6 23. Kh1 Rf4 24. Re1 h6 25. Rg3 Qf7 26. Qxf7 Rxf7 27. Rg6
Rd7 28. b3 Kh7 29. Rg3 b6 30. h4 a5 31. a4 Nxb3 32. Rxb3 Rxc4 33. Rxb6 Rxa4 34.
Nxd6 Rxh4+ 35. Kg1 Rh5 36. Nc4 e4 37. Ra6 Rdd5 38. Ra1 Kg8 39. R6xa5 Rxa5 40.
Rxa5 Rxa5 41. Nxa5 Kf7 42. Kf1 Kf6 43. Ke2 Kf5 44. Nc4 h5 45. Ke3 g5 46. Nd6+
Ke5 47. Nxe4 g4 48. g3 Kf5 49. Nd6+ Kg5 50. Nf7+ Kg6 51. Nd6 Kg5 52. Ne4+ Kf5
53. Kd4 Kg6 54. Ke5 Kh6 55. Kf5 Kh7 56. Kg5 Kg7 57. Kxh5 Kh7 58. Kxg4 Kg6 59.
f4 Kg7 60. f5 Kf7 61. Kg5 Kg8 62. Kg6 Kf8 1-0

[Event "POLFINAL MISTRZOSTW POLSKI JUNIOROW 2019 - C11"]
[Site "Ustron"]
[Date "1899-12-30"]
[Round "5.15"]
[White "Janicki, Tomasz"]
[Black "Gradzki, Artur"]
[Result "1/2-1/2"]
[WhiteTitle "II"]
[BlackTitle "II"]
[WhiteElo "1129"]
[BlackElo "1189"]

1. d4 d5 2. c4 e6 3. Nc3 Nf6 4. cxd5 exd5 5. Bg5 c6 6. e3 Be7 7. Bd3 Nbd7 8. Nge2
O-O 9. Qc2 h6 10. Bh4 Re8 11. O-O Ne4 12. Bxe7 Qxe7 13. Nxe4 dxe4 14. Bc4 Nf6
15. Nc3 Be6 16. Bxe6 Qxe6 17. Na4 b6 18. b3 Qd6 19. h3 Re6 20. Nc3 Kh7 21. Rfd1
h5 22. d5 cxd5 23. Qd2 Rd8 24. Nb5 Qd7 25. Nd4 Re7 26. Qb4 Ree8 27. Nb5 a6 28.
Nd4 Qd6 29. Qxd6 Rxd6 30. Rac1 Kg8 1/2-1/2

[Event "POLFINAL MISTRZOSTW POLSKI JUNIOROW 2019 - C11"]
[Site "Ustron"]
[Date "1899-12-30"]
[Round "5.16"]
[White "Kowalski, Witold"]
[Black "Kowalczyk, Jakub"]
[Result "1/2-1/2"]
[WhiteTitle "II"]
[BlackTitle "II"]
[WhiteElo "1187"]
[BlackElo "1132"]

1. e4 c5 2. Nf3 e6 3. d4 cxd4 4. Nxd4 a6 5. Nc3 Qc7 6. Bd3 Nf6 7. O-O Be7 8. h3
O-O 9. Re1 d6 10. Be3 b5 11. a3 Bb7 12. f4 Nbd7 13. Nf3 Nc5 14. Bf2 Rac8 15. Qe2
Nxd3 16. cxd3 Rfd8 17. Be3 Qd7 18. Rac1 h6 19. Qd2 Re8 20. Ne2 Rxc1 21. Rxc1 Rc8
22. Ng3 Rxc1+ 23. Qxc1 Qc6 24. Kf2 Qxc1 25. Bxc1 d5 26. e5 Nd7 27. b4 Bd8 28.
f5 Bb6+ 29. d4 Nxe5 30. Ke3 Nxf3 31. gxf3 Bc7 32. f4 Bc8 33. fxe6 fxe6 34. h4
Kf7 35. Kf3 Bd8 36. h5 Bf6 37. Bb2 Ke7 38. Nf1 Kf7 1/2-1/2

[Event "POLFINAL MISTRZOSTW POLSKI JUNIOROW 2019 - C11"]
[Site "Ustron"]
[Date "1899-12-30"]
[Round "5.17"]
[White "Mieszkowski, Adam"]
[Black "Krzastek, Adrian"]
[Result "1-0"]
[WhiteTitle "II"]
[BlackTitle "II"]
[WhiteElo "1126"]
[BlackElo "1181"]

1. e4 c5 2. Nf3 Nc6 3. c3 d5 4. exd5 Qxd5 5. d4 cxd4 6. cxd4 e5 7. Nc3 Bb4 8. Bd2
Bxc3 9. Bxc3 e4 10. Ne5 Nxe5 11. dxe5 Ne7 12. Be2 O-O 13. O-O b6 14. Bb4 Qxe5
15. Qd6 Qxd6 16. Bxd6 Re8 17. Bb5 Nf5 18. Bxe8 Nxd6 19. Bc6 Rb8 20. Rfe1 Bf5 21.
Rad1 Rd8 22. Bxe4 Rc8 23. Bxf5 Nxf5 24. g4 Nh4 25. Re7 a5 26. Rb7 Nf3+ 27. Kg2
Ne5 28. Rxb6 Nxg4 29. Rbd6 h6 30. Rd8+ Rxd8 31. Rxd8+ Kh7 32. Ra8 g5 33. Rxa5
Kg6 34. b4 h5 35. b5 Ne5 36. b6 Nc6 37. b7 h4 38. Ra6 Kh5 39. Rxc6 g4 40. Rc5+
Kg6 41. b8=Q h3+ 42. Kg3 f5 43. Qd6+ Kg5 44. Rc6 f4+ 45. Qxf4+ Kh5 46. Rh6# 1-0

[Event "POLFINAL MISTRZOSTW POLSKI JUNIOROW 2019 - C11"]
[Site "Ustron"]
[Date "1899-12-30"]
[Round "5.20"]
[White "Makuch, Tomasz"]
[Black "Katny, Tymoteusz"]
[Result "0-1"]
[WhiteTitle "II+"]
[BlackTitle "III"]
[WhiteElo "1167"]
[BlackElo "1027"]

1. e4 e5 2. Nf3 Nc6 3. d4 exd4 4. Nxd4 Qf6 5. Nxc6 Qxc6 6. Bd3 Nf6 7. O-O Bd6 8.
e5 Bxe5 9. Re1 d6 10. f4 Ng4 11. Qe2 Qb6+ 12. Be3 Qxb2 13. Nd2 O-O 14. fxe5 Qxe5
15. Nc4 Qxh2+ 16. Kf1 Qh1+ 17. Bg1 Bd7 18. Be4 Rae8 19. g3 Qh3+ 20. Bg2 Qxg3 21.
Qd2 Bb5 22. Rxe8 Rxe8 23. Qd3 Qf4+ 24. Bf3 Bxc4 25. Qxc4 Qxc4+ 26. Kg2 Qxc2+ 27.
Kg3 Qc3 28. Rd1 Ne5 29. Rf1 Re6 30. Kg2 Rg6+ 31. Kh1 Nxf3 32. Rxf3 Qxf3+ 33. Kh2
Qg2# 0-1

[Event "POLFINAL MISTRZOSTW POLSKI JUNIOROW 2019 - C11"]
[Site "Ustron"]
[Date "1899-12-30"]
[Round "6.1"]
[White "Duda, Szymon"]
[Black "Jaszczuk, Piotr"]
[Result "1/2-1/2"]
[WhiteTitle "II+"]
[BlackTitle "II"]
[WhiteElo "1469"]
[BlackElo "1267"]

1. d4 Nf6 2. c4 e6 3. Nc3 Bb4 4. a3 Bxc3+ 5. bxc3 b6 6. Bg5 Bb7 7. e3 h6 8. Bh4
g5 9. Bg3 d6 10. Nf3 Ne4 11. Nd2 f5 12. Nxe4 Bxe4 13. Qh5+ Kf8 14. h4 g4 15. Bf4
Qf6 16. f3 gxf3 17. gxf3 Bc6 18. Bg2 Be8 19. Bg5 hxg5 20. Qxg5 Qxg5 21. hxg5 Rxh1+
22. Bxh1 Nd7 23. f4 Rd8 24. Bf3 Bg6 25. Kf2 Kg7 26. Re1 c5 27. e4 Rh8 28. Kg3
Kf7 29. e5 dxe5 30. fxe5 cxd4 31. cxd4 Rc8 32. Rc1 Ke7 33. Kf4 Rh8 34. Kg3 Rc8
35. Kf4 Rd8 36. Rh1 Nf8 37. Rd1 Bh7 38. Ke3 Ng6 39. Rh1 Nf8 40. d5 Bg6 41. d6+
1/2-1/2

[Event "POLFINAL MISTRZOSTW POLSKI JUNIOROW 2019 - C11"]
[Site "Ustron"]
[Date "1899-12-30"]
[Round "6.2"]
[White "Glaz, Michal"]
[Black "Brozynski, Patryk"]
[Result "1/2-1/2"]
[WhiteTitle "II"]
[BlackTitle "IV"]
[WhiteElo "1177"]
[BlackElo "1665"]

1. e4 c5 2. Nf3 e6 3. d4 cxd4 4. Nxd4 Nc6 5. Nxc6 bxc6 6. Bd3 Nf6 7. O-O Qc7 8.
Nd2 d5 9. exd5 cxd5 10. b3 Bd6 11. h3 O-O 12. Bb2 e5 13. c4 Ba6 14. Be2 d4 15.
c5 Bxe2 16. cxd6 Bxd1 17. dxc7 Bc2 18. Rac1 Bd3 19. Rfe1 Nd7 20. Nc4 Bxc4 21.
Rxc4 f6 22. Rec1 Nb6 23. Rc5 Rac8 24. Ra5 Ra8 25. Rac5 Nc8 26. b4 a6 27. a4 Rf7
28. a5 Rd7 29. b5 axb5 30. Rxb5 Ra7 31. Rb8 Rdxc7 32. Rxc8+ Rxc8 33. Rxc8+ Kf7
34. Rc5 Ke6 35. Ba3 d3 36. Kf1 Rb7 37. Ke1 Rb3 38. Bc1 e4 39. a6 Rb1 40. Kd2 Ra1
41. Rc7 Rxa6 42. Rxg7 Ra2+ 43. Ke1 Re2+ 44. Kf1 d2 1/2-1/2

[Event "POLFINAL MISTRZOSTW POLSKI JUNIOROW 2019 - C11"]
[Site "Ustron"]
[Date "1899-12-30"]
[Round "6.3"]
[White "Olszewski, Antoni"]
[Black "Przybylski, Jan"]
[Result "1-0"]
[WhiteTitle "II"]
[BlackTitle "II"]
[WhiteElo "1292"]
[BlackElo "1286"]

1. e4 c5 2. Nf3 a6 3. c4 Nc6 4. d4 cxd4 5. Nxd4 Nf6 6. Nc3 d6 7. Be2 g6 8. Be3
Bg7 9. O-O O-O 10. f3 Bd7 11. Qd2 Rc8 12. Rfd1 Ne5 13. b3 Re8 14. Rac1 Qa5 15.
h3 Nc6 16. f4 Nxd4 17. Bxd4 Qc7 18. Bf3 Red8 19. Qe3 Qb8 20. Ba7 Qa8 21. Bb6 Re8
22. e5 Nh5 23. g4 dxe5 24. gxh5 exf4 25. Qxf4 Bxh3 26. Nd5 Qb8 27. Qh4 Bf5 28.
Nxe7+ Rxe7 29. Qxe7 Qg3+ 30. Bg2 Bh3 31. Qe4 Be5 32. Qf3 Qh2+ 33. Kf2 Bxg2 34.
Qxg2 Qh4+ 35. Kg1 Qxh5 36. Rd5 Rc6 37. Bd4 Bxd4+ 38. Rxd4 Qe5 39. Re4 Qc5+ 40.
Kh2 Qd6+ 41. Kh1 Rc5 42. Rh4 Qf6 43. Rh3 Rg5 44. Qf3 Qb2 45. Re1 Rf5 46. Re8+
Kg7 47. Qc3+ Qxc3 48. Rxc3 h5 49. Rb8 h4 50. Rxb7 g5 51. c5 g4 52. c6 g3 53. c7
Rf1+ 54. Kg2 Rf2+ 55. Kg1 1-0

[Event "POLFINAL MISTRZOSTW POLSKI JUNIOROW 2019 - C11"]
[Site "Ustron"]
[Date "1899-12-30"]
[Round "6.4"]
[White "Grzebieniowski, Michal"]
[Black "Banaczyk, Piotr"]
[Result "1-0"]
[WhiteTitle "II"]
[BlackTitle "II"]
[WhiteElo "1332"]
[BlackElo "1183"]

1. d4 e6 2. c4 d5 3. Nf3 Nf6 4. g3 c5 5. cxd5 exd5 6. Nc3 cxd4 7. Nxd4 Nc6 8. Bg2
Bc5 9. Nb3 Bb4 10. O-O Bxc3 11. bxc3 O-O 12. Nd4 Nxd4 13. cxd4 Bd7 14. Qb3 Bc6
15. Rd1 Qd7 16. a4 Rfe8 17. e3 Rac8 18. Bd2 Ne4 19. Be1 Qe6 20. Rdc1 Qh6 21. Bf3
Qg5 22. Qd1 Rb8 23. Bg2 Bd7 24. Bf3 Bh3 25. Rc7 Rec8 26. Rac1 Rxc7 27. Rxc7 Qd8
28. Qc2 Bf5 29. Qc1 Nf6 30. Bb4 Rc8 31. Rxc8 Bxc8 32. Be7 Qxe7 33. Qxc8+ Qf8 34.
Qxb7 a5 35. Qb6 Qa8 36. Be2 Nd7 37. Qb5 Nf6 38. Bf3 h6 39. h4 g5 40. hxg5 hxg5
41. Qb6 Kg7 42. Be2 Nd7 43. Qd6 Qb7 44. Bb5 Nb6 45. Bc6 Nc4 46. Qxd5 Qb1+ 47.
Kg2 Nxe3+ 48. fxe3 Qc2+ 49. Kh3 Qh7+ 50. Kg4 Qh2 51. Qxg5+ Kf8 52. Bf3 Ke8 53.
d5 Kf8 54. d6 Ke8 55. Qe7# 1-0

[Event "POLFINAL MISTRZOSTW POLSKI JUNIOROW 2019 - C11"]
[Site "Ustron"]
[Date "1899-12-30"]
[Round "6.5"]
[White "Wandor, Adam"]
[Black "Fil, Grzegorz"]
[Result "1/2-1/2"]
[WhiteTitle "II"]
[BlackTitle "II"]
[WhiteElo "1241"]
[BlackElo "1188"]

1. c4 e5 2. Nc3 Nc6 3. Nf3 g6 4. e3 Bg7 5. d4 d6 6. d5 Nce7 7. Bd3 f5 8. e4 f4
9. g3 fxg3 10. fxg3 Bg4 11. O-O Nf6 12. Bg5 O-O 13. Be2 Bxf3 14. Bxf3 Qd7 15.
Bxf6 Rxf6 16. Bg4 Rxf1+ 17. Kxf1 Rf8+ 18. Kg2 Qe8 19. Be6+ Kh8 20. Nb5 a6 21.
Nc3 Nc6 22. Qa4 Nd4 23. Qxe8 Rxe8 24. Bd7 Rd8 25. Ba4 Rf8 26. Rf1 Rxf1 27. Kxf1
Nf3 28. Kg2 Nd2 29. b3 Bf6 30. Kf2 Kg7 31. h4 g5 32. Ke2 gxh4 33. gxh4 Nxe4 34.
Nxe4 Bxh4 35. Kf3 Kg6 36. Be8+ Kh6 37. c5 Be7 38. cxd6 Bxd6 39. a4 a5 40. Kg4
Kg7 41. Kf5 Kf8 42. Bb5 Ke7 43. Nf6 h6 44. Ng8+ Kd8 45. Nxh6 c6 46. dxc6 bxc6
47. Bxc6 Kc7 48. Bd5 Kb6 49. Nf7 Kc5 50. Bc4 Bf8 51. Nxe5 Kb4 52. Nc6+ Kc5 53.
Nd8 Kb6 54. Ke5 Bb4 55. Kd5 Bc3 56. Nc6 Bd2 57. Nxa5 Kxa5 58. Kd4 Bb4 1/2-1/2

[Event "POLFINAL MISTRZOSTW POLSKI JUNIOROW 2019 - C11"]
[Site "Ustron"]
[Date "1899-12-30"]
[Round "6.6"]
[White "Trusewicz, Jakub"]
[Black "Jozwik, Michal"]
[Result "0-1"]
[WhiteTitle "II"]
[BlackTitle "II"]
[WhiteElo "1172"]
[BlackElo "1404"]

1. e4 c5 2. c3 d5 3. exd5 Qxd5 4. d4 g6 5. Nf3 Bg7 6. Bd3 Nf6 7. O-O O-O 8. Be3
Ng4 9. Bf4 cxd4 10. cxd4 Bxd4 11. Nxd4 Qxd4 12. Qxg4 Bxg4 13. Bg3 Qxd3 14. Nc3
Nc6 15. Rae1 Rfd8 16. Ne4 Be2 17. Kh1 Bxf1 18. Kg1 Be2 19. Nc5 Qc4 20. Nxb7 Rd1
21. Rxd1 Bxd1 22. b3 Qc1 23. Nc5 Bf3# 0-1

[Event "POLFINAL MISTRZOSTW POLSKI JUNIOROW 2019 - C11"]
[Site "Ustron"]
[Date "1899-12-30"]
[Round "6.7"]
[White "Nocek, Dominik"]
[Black "Stanik, Szymon"]
[Result "0-1"]
[WhiteTitle "II"]
[BlackTitle "II"]
[WhiteElo "1317"]
[BlackElo "1187"]

1. e4 c5 2. Nf3 e6 3. c3 d5 4. exd5 exd5 5. d4 Bg4 6. Bb5+ Bd7 7. Bxd7+ Nxd7 8.
O-O Be7 9. Re1 Ngf6 10. Qe2 Ne4 11. Nfd2 Nxd2 12. Bxd2 cxd4 13. cxd4 Nb8 14. Nc3
Nc6 15. Bg5 f6 16. Bh4 Nxd4 17. Qg4 Nc2 18. Qxg7 Rf8 19. Bxf6 Rf7 20. Rxe7+ Qxe7
21. Bxe7 Rxg7 22. Rc1 Rxe7 23. Nxd5 Nd4 24. Rd1 Rd8 25. Nxe7 Ne2+ 26. Kf1 Rxd1+
27. Kxe2 Rb1 28. Nf5 Rxb2+ 29. Kf3 Rxa2 30. Nd6+ Kd7 31. Nxb7 a5 32. Nc5+ Ke8
33. g4 a4 34. Ke3 a3 35. Nb3 Rb2 36. Nc5 a2 37. Ne4 a1=Q 38. Nf6+ Kf7 39. Nxh7
Qa3+ 40. Kd4 0-1

[Event "POLFINAL MISTRZOSTW POLSKI JUNIOROW 2019 - C11"]
[Site "Ustron"]
[Date "1899-12-30"]
[Round "6.8"]
[White "Karwot, Marek"]
[Black "Stachowiak, Bruno"]
[Result "1-0"]
[WhiteTitle "II"]
[BlackTitle "II"]
[WhiteElo "1166"]
[BlackElo "1295"]

1. e4 e5 2. Nf3 Nc6 3. Bb5 a6 4. Bxc6 dxc6 5. O-O Bd6 6. d4 exd4 7. Qxd4 f6 8.
Na3 Be6 9. Qc3 Ne7 10. Be3 O-O 11. Nc4 Kh8 12. Rad1 Qb8 13. Rd3 Ng6 14. Nxd6 cxd6
15. Rfd1 d5 16. exd5 Bxd5 17. Bc5 Nf4 18. Re3 Bxf3 19. gxf3 Nd5 20. Rxd5 cxd5
21. Bxf8 Qxf8 22. Qd4 Qf7 23. Rd3 Rd8 24. c4 Qc7 25. cxd5 Qc1+ 26. Rd1 Qg5+ 27.
Qg4 Qe5 28. Qd4 Qg5+ 29. Kh1 Qh5 30. Qc3 Qf7 31. b3 h6 32. d6 Qd7 33. Kg2 Rc8
34. Qd3 Rd8 35. a4 Re8 36. Qd4 Re5 37. h4 g5 38. h5 Re6 39. Qb6 Qc8 40. Qc7 Qe8
41. d7 Qg8 42. d8=Q Re8 43. Qxe8 1-0

[Event "POLFINAL MISTRZOSTW POLSKI JUNIOROW 2019 - C11"]
[Site "Ustron"]
[Date "1899-12-30"]
[Round "6.9"]
[White "Skowron, Dawid"]
[Black "Stepinski, Piotr"]
[Result "1/2-1/2"]
[WhiteTitle "II"]
[BlackTitle "II"]
[WhiteElo "1278"]
[BlackElo "1135"]

1. e4 e6 2. d4 d5 3. e5 Bb4+ 4. c3 Ba5 5. Nd2 Ne7 6. Nb3 Bb6 7. Nf3 h6 8. Bd3 Bd7
9. Bf4 a6 10. Bg3 Bb5 11. Bxb5+ axb5 12. a3 Nd7 13. O-O O-O 14. Qe2 c6 15. Bh4
Re8 16. Rfe1 Qc7 17. Rad1 Ng6 18. Bg3 Rad8 19. Nh4 Nxh4 20. Bxh4 Rc8 21. Kh1 Nf8
22. f4 Ng6 23. Bg3 Qd7 24. Rf1 Ne7 25. Rf3 Nf5 26. Nd2 c5 27. dxc5 Bxc5 28. Bf2
Bxf2 29. Qxf2 Qc6 30. Nf1 Qc5 31. Ne3 Nxe3 32. Rxe3 Red8 33. Rd4 Kh8 34. Rg3 Ra8
35. h3 Ra4 36. Rgd3 Rda8 37. Qe3 Rxd4 38. Qxd4 Qxd4 39. Rxd4 Kg8 40. Kg1 Kf8 41.
Kf2 Ke7 42. Ke3 Kd7 43. g4 Kc6 44. f5 Ra4 45. Rxa4 bxa4 46. Kd4 b5 47. h4 g6 48.
fxg6 fxg6 49. g5 h5 50. Ke3 Kc5 51. Kd3 Kb6 52. Ke4 1/2-1/2

[Event "POLFINAL MISTRZOSTW POLSKI JUNIOROW 2019 - C11"]
[Site "Ustron"]
[Date "1899-12-30"]
[Round "6.10"]
[White "Cichon, Aleksander"]
[Black "Niemczyk, Krzysztof"]
[Result "0-1"]
[WhiteTitle "II"]
[BlackTitle "II"]
[WhiteElo "1207"]
[BlackElo "1227"]

1. e4 e5 2. Nf3 Nc6 3. Bc4 Nf6 4. Ng5 d5 5. exd5 b5 6. Bxb5 Qxd5 7. Bxc6+ Qxc6
8. Qf3 e4 9. Qb3 Nd5 10. Nc3 Bb7 11. Nxd5 Qxd5 12. Qxd5 Bxd5 13. O-O h6 14. Nxe4
O-O-O 15. Nc3 Bb7 16. d3 Bd6 17. Be3 a6 18. Rfe1 f5 19. Bd4 Bxh2+ 20. Kxh2 Rxd4
21. Re7 Rh4+ 22. Kg1 Rg4 23. g3 f4 24. Ne4 fxg3 25. Nxg3 h5 26. Kf1 h4 27. Ne4
h3 28. Ng3 h2 29. Ke2 h1=Q 30. Nxh1 Rxh1 31. Rxh1 Bxh1 32. f3 Rg2+ 33. Kd1 Rg3
34. Ke2 g6 35. Rh7 Bxf3+ 36. Kf2 Rg2+ 37. Kxf3 Rxc2 38. Rh8+ Kb7 39. Rg8 Rxb2
40. Rxg6 Rxa2 41. Ke4 Ra5 42. Kd4 Rh5 43. Kc4 Rh8 44. Kb4 Ra8 45. Ka5 Rd8 46.
Rxa6 Rd5+ 0-1